F1 Winners: Max Verstappen - Statistics

General Stats
  • This quiz has been taken 6,891 times
    864 since last reset
  • The average score is 64 of 71
Answer Stats
Season Team Grand Prix % Correct
2022 Red Bull Japan
95%
2023 Red Bull Japan
95%
2024 Red Bull Japan
95%
2025 Red Bull Japan
95%
2023 Red Bull Las Vegas
95%
2025 Red Bull Las Vegas
95%
2022 Red Bull Miami
95%
2023 Red Bull Miami
95%
2016 Red Bull Spain
95%
2022 Red Bull Spain
95%
2023 Red Bull Spain
95%
2024 Red Bull Spain
95%
2021 Red Bull United States
95%
2022 Red Bull United States
95%
2023 Red Bull United States
95%
2025 Red Bull United States
95%
2020 Red Bull Abu Dhabi
94%
2021 Red Bull Abu Dhabi
94%
2022 Red Bull Abu Dhabi
94%
2023 Red Bull Abu Dhabi
94%
2025 Red Bull Abu Dhabi
94%
2021 Red Bull Emilia Romagna
94%
2022 Red Bull Emilia Romagna
94%
2024 Red Bull Emilia Romagna
94%
2025 Red Bull Emilia Romagna
94%
2022 Red Bull Italy
94%
2023 Red Bull Italy
94%
2025 Red Bull Italy
94%
2023 Red Bull Australia
91%
2018 Red Bull Austria
91%
2019 Red Bull Austria
91%
2021 Red Bull Austria
91%
2023 Red Bull Austria
91%
2019 Red Bull Brazil
91%
2021 Red Bull Monaco
91%
2023 Red Bull Monaco
91%
2023 Red Bull Qatar
91%
2024 Red Bull Qatar
91%
2025 Red Bull Qatar
91%
2021 Red Bull Styria
91%
2017 Red Bull Mexico
90%
2018 Red Bull Mexico
90%
2021 Red Bull Mexico City
90%
2022 Red Bull Mexico City
90%
2023 Red Bull Mexico City
90%
2024 Red Bull China
89%
2023 Red Bull Great Britain
89%
2021 Red Bull Netherlands
89%
2022 Red Bull Netherlands
89%
2023 Red Bull Netherlands
89%
2023 Red Bull Bahrain
88%
2024 Red Bull Bahrain
88%
2023 Red Bull São Paulo
88%
2024 Red Bull São Paulo
88%
2021 Red Bull Belgium
86%
2022 Red Bull Belgium
86%
2023 Red Bull Belgium
86%
2022 Red Bull Canada
85%
2023 Red Bull Canada
85%
2024 Red Bull Canada
85%
2022 Red Bull Saudi Arabia
85%
2024 Red Bull Saudi Arabia
85%
2021 Red Bull France
84%
2022 Red Bull France
84%
2022 Red Bull Hungary
83%
2023 Red Bull Hungary
83%
2020 Red Bull 70th Anniversary
82%
2022 Red Bull Azerbaijan
82%
2025 Red Bull Azerbaijan
82%
2019 Red Bull Germany
82%
2017 Red Bull Malaysia
72%
No matching quizzes found
Score Distribution
Percent of People with Each Score
Percentile by Number Answered
Your Score History
You have not taken this quiz since the last reset